000
00287nam a2200121Ia 4500
008
231129s9999||||xx |||||||||||||| ||spa||
040
_b
spa
082
_a
R 617.7 M193m
100
_a
Maggiore Luis
245
0
_a
Manual de oftalmologia
264
_a
Cientifico-medica
942
_2
ddc
_c
BKS
999
_c
20416
_d
20416